Hazardous waste regulation - the new era : an analysis and guide to RCRA and the 1984 amendments

Αποθηκεύτηκε σε:
Λεπτομέρειες βιβλιογραφικής εγγραφής
Κύριος συγγραφέας: Fortuna, Richard C.
Άλλοι συγγραφείς: Lennett, David J.
Μορφή: Βιβλίο
Γλώσσα:English
Δημοσίευση: New York : McGraw-Hill, 1987
Θέματα:
Ετικέτες: Προσθήκη ετικέτας
Δεν υπάρχουν, Καταχωρήστε ετικέτα πρώτοι!

MARC

LEADER 00000nam a2200000 i 4500
001 1/98086
008 950302s1987 eng d
020 |a 0-07-021634-7 
035 |l 10010804 
040 |a GR-MY-UA  |b gre  |e aacr 
041 0 |a eng 
082 0 |a 344.7304622 
100 1 |a Fortuna, Richard C. 
245 1 0 |a Hazardous waste regulation - the new era :  |b an analysis and guide to RCRA and the 1984 amendments /  |c Richard C. Fortuna; David J. Lennett 
260 |a New York :   |b McGraw-Hill,   |c 1987 
300 |a 393 p. 
504 |a Includes index 
650 0 0 |a Hazardous wastes  |x Law and legislation  |z United States. 
700 1 |a Lennett, David J. 
852 |a INST  |b LESVOS  |e 19950302  |h 344.7304622 FOR  |p 005100004144  |q 005100004144  |t BK  |y 0 
909 |a Λ  |b 009597